00334 a2200145 450000100060000002000180000604000240002410000190004824000340006724500290010130000060013036200090013644000120014565000310015746684 a9788564816374 cAnchieta - Aquarius aNozomi, Talita10aSe eu fosse uma árvorelpor10aSe eu fosse uma árvore a 0 a2012 1aGaivota 4aLiteratura infanto-juvenil